000 00387nam a2200121 4500
008 730.986.1 M563y
082 _a730.986.1
_bM563y
100 _aMerizalde Price, Julia
_96432
245 _aYo, adentro:
_besculturas
260 _aColombia
_bIber Arte Galería
_c2000
300 _a20 p.
_bill (col)
_c28 x 22 cm
650 _xare contemporáneo
_xarte - escultura
_xColombia
_xartistas colombianos
_96433
999 _c1513
_d1513